[Event "P-3790"]
[Site "IECC email"]
[Date "2004.10.19"]
[Round "?"]
[White "Kohlhage, Juergen"]
[Black "Spina, Sergio"]
[Result "1-0"]
[WhiteElo "2067"]
[BlackElo "1319"]
[PlyCount "31"]
[EventDate "2004.??.??"]
[EventType "tourn (corr)"]
[SourceTitle "Corr 2020"]
[Source "ChessBase"]
[SourceDate "2019.09.30"]
[SourceVersion "1"]
[SourceVersionDate "2019.09.30"]
[SourceQuality "1"]
[WhiteTeam "Germany"]
[BlackTeam "Italy"]
[WhiteTeamCountry "GER"]
[BlackTeamCountry "ITA"]

1. e4 e5 2. Ne2 Nf6 3. f4 Nxe4 4. d3 Nc5 5. fxe5 d5 6. d4 Ne4 7. Nd2 f5 8. Nxe4 fxe4 9. Nf4 Bf5 10. Be2 Qd7 11. 0-0 Nc6 12. c3 g6 13. Be3 Ne7 14. g4 Be6 15. Nxe6 Qxe6 16. Rf6 1-0

[Event "P-3694"]
[Site "IECC email"]
[Date "2004.05.30"]
[Round "?"]
[White "Dunn, Carl"]
[Black "Spina, Sergio"]
[Result "0-1"]
[WhiteElo "1952"]
[BlackElo "1258"]
[PlyCount "46"]
[EventDate "2004.??.??"]
[EventType "tourn (corr)"]
[SourceTitle "Corr 2020"]
[Source "ChessBase"]
[SourceDate "2019.09.30"]
[SourceVersion "1"]
[SourceVersionDate "2019.09.30"]
[SourceQuality "1"]
[WhiteTeam "United States"]
[BlackTeam "Italy"]
[WhiteTeamCountry "USA"]
[BlackTeamCountry "ITA"]

1. e4 e5 2. Bc4 Nc6 3. Nc3 Bc5 4. Qg4 Bf8 5. Qg3 d6 6. Nge2 Be6 7. Bxe6 fxe6 8. 0-0 Qd7 9. a3 Nf6 10. b4 g6 11. Qe3 a6 12. Rb1 Bg7 13. f3 0-0 14. Qg5 Nd4 15. Rb2 Nxe4 16. Qe3 Nxc3 17. dxc3 Nf5 18. Qd3 d5 19. c4 e4 20. fxe4 Nd6 21. exd5 Rxf1+ 22. Kxf1 Rf8+ 23. Ke1 Qf7 0-1

[Event "P-3658"]
[Site "IECC email"]
[Date "2004.03.25"]
[Round "?"]
[White "Agnew, George"]
[Black "Spina, Sergio"]
[Result "0-1"]
[WhiteElo "1090"]
[BlackElo "1216"]
[PlyCount "50"]
[EventDate "2004.??.??"]
[EventType "tourn (corr)"]
[SourceTitle "Corr 2020"]
[Source "ChessBase"]
[SourceDate "2019.09.30"]
[SourceVersion "1"]
[SourceVersionDate "2019.09.30"]
[SourceQuality "1"]
[WhiteTeam "United States"]
[BlackTeam "Italy"]
[WhiteTeamCountry "USA"]
[BlackTeamCountry "ITA"]

1. e4 c6 2. d4 d5 3. Nc3 dxe4 4. Nxe4 Bf5 5. Ng3 Bg6 6. Bd3 Qxd4 7. N1e2 Qd6 8. 0-0 Nd7 9. Bf4 e5 10. Be3 Ngf6 11. h3 Bxd3 12. cxd3 Qe6 13. a3 Bd6 14. Ne4 Nd5 15. N2g3 Be7 16. Re1 f5 17. Ng5 Qg6 18. Qh5 Nxe3 19. Qxg6+ hxg6 20. fxe3 Bxg5 21. b4 Bh4 22. Kh2 Nf6 23. Red1 Bg5 24. e4 Bf4 25. a4 Nh5 0-1

[Event "IECC P email"]
[Site "IECC email"]
[Date "2002.03.31"]
[Round "?"]
[White "Spina, Sergio"]
[Black "Wey, Geoffrey"]
[Result "1-0"]
[WhiteElo "1075"]
[BlackElo "1354"]
[PlyCount "61"]
[EventDate "2002.??.??"]
[EventType "tourn (corr)"]
[EventRounds "6"]
[SourceTitle "Corr 2008"]
[Source "ChessBase"]
[SourceDate "2008.06.24"]
[SourceVersion "1"]
[SourceVersionDate "2008.06.24"]
[SourceQuality "1"]

1. Nf3 Nf6 2. c4 e6 3. g3 d5 4. Bg2 Be7 5. 0-0 0-0 6. d4 dxc4 7. Qc2 a6 8. a4 Bd7 9. Qxc4 Bc6 10. Bg5 a5 11. Nc3 Na6 12. Bxf6 Bxf6 13. e4 Nb4 14. Rfd1 b6 15. Rac1 Bb7 16. Qe2 Ba6 17. Qe3 c6 18. h3 Ra7 19. Ne5 Bxe5 20. dxe5 Qc7 21. Rd6 c5 22. Bf1 Bb7 23. Nb5 Qb8 24. Nxa7 Qxa7 25. Bb5 Ba6 26. Bxa6 Nxa6 27. Qe2 Nb4 28. Qb5 Rb8 29. Rcd1 Qc7 30. Rd7 Qc8 31. Qxb6 1-0